Loading...
Other Colours
| Main Author: | |
|---|---|
| Format: | Printed Book |
| Published: |
London
Faber & Faber
|
| LEADER | 00351nam a22001097a 4500 | ||
|---|---|---|---|
| 082 | |a 824.802943 |b PAM.O | ||
| 100 | |a pamuk, Orphan | ||
| 245 | |a Other Colours | ||
| 260 | |a London |b Faber & Faber | ||
| 942 | |c BK | ||
| 999 | |c 16672 |d 16672 | ||
| 952 | |0 0 |1 0 |4 0 |6 824_802943000000000_PAM_O |7 0 |9 19028 |a CAMPUS |b CAMPUS |d 2017-08-30 |l 0 |o 824.802943 PAM.O |p 12145 |r 2017-08-30 |w 2017-08-30 |y BK | ||